000 00586nam a2200193Ia 4500
008 151121s9999||||xx |||||||||||||| ||und||
082 _a813/आपटे
082 _bHNW-6785
100 _aआपटे ना। ह।
245 _aमी वाट पाहीन
260 _b"आपटे आणि मंडळी, पुणे"
260 _c--
300 _a104
600 _aआपटे ना। ह।
630 _aमी वाट पाहीन
700 _aआपटे ना। ह।
730 _aमी वाट पाहीन
942 _cBOOK
999 _c1214023
_d1214020